Doorways. (Record no. 21429)

000 -LEADER
fixed length control field 00232nam a22001097a 4500
040 ## - CATALOGING SOURCE
Transcribing agency RUA
082 ## - DEWEY DECIMAL CLASSIFICATION NUMBER
Classification number 428 MPC 1987 A118 Or.
100 ## - MAIN ENTRY--AUTHOR NAME
Personal name Arnold, Virginia A.
245 ## - TITLE STATEMENT
Title Doorways.
260 ## - PUBLICATION, DISTRIBUTION, ETC. (IMPRINT)
Place of publication phnom penh
Name of publisher rua
Year of publication 1987
942 ## - ADDED ENTRY ELEMENTS (KOHA)
Koha item type សៀវភៅភាសាអង់គ្លេស
952 ## - LOCATION AND ITEM INFORMATION (KOHA)
Withdrawn status [LOCAL, KOHA] 0
Holdings
Permanent Location Date acquired Koha item type Lost status Shelving location Barcode Current Location Full call number
Library Block A2023-06-12សៀវភៅភាសាអង់គ្លេស A118a20717Library Block A428 MPC 1987 A118 Or.
មជ្ឈមណ្ឌលឯការនៃសាកលវិទ្យាល័យភូមិន្ទកសិកម្មចំការដូង

Powered by Koha